| 000 | 00856nam a2200265#a 4500 | ||
|---|---|---|---|
| 001 | 00329 | ||
| 003 | HDC | ||
| 007 | ta | ||
| 008 | 230623s2002 xx 000 0 eng d | ||
| 020 | _a9832431190 (pbk.). | ||
| 040 | _aHDC | ||
| 050 |
_aC 15.9 _b .F65 2002 |
||
| 100 | _aFok, William | ||
| 245 | 2 |
_aA practical guide to company secretarial practice : _bincorporating the latest amendments with special reference to resolutions and meeting procedures / _cWillian Fok |
|
| 250 | _a2nd ed. | ||
| 264 |
_aKuala Lumpur : _bLeeds Publications, _c2002 |
||
| 300 |
_axviii, 522p. ; _c 22cm |
||
| 650 |
_aCorporate meetings _xHandbooks, manuals, etc. |
||
| 650 |
_aCorporate resolutions _xHandbooks, manuals, etc. |
||
| 650 |
_aCorporate secretaries _xHandbooks, manuals, etc. |
||
| 942 | _2lcc | ||
| 942 | _cBK | ||
| 942 | _kC 15.9 | ||
| 942 | _m .F65 2002 | ||
| 999 |
_c21970 _d21970 |
||